000 01205ngm a22003730a 4500
001 PT13985
003 AR-LpoUNG
005 20210202000531.0
007 vd cvaizq
008 191001s1998||||ag |||||||||||||||||spa d
037 _c$33.33
040 _aAR-LpoUNG
_bspa
_cAR-LpoUNG
_eaacr
041 _aspa
044 _aag
082 0 _a909.8 591v11 p2
245 1 0 _a1973-1983, de las armas a las urnas :
_bde los militares a la democracia
260 _aBuenos Aires :
_bArte Gráfico Editorial Argentino,
_c1998.
300 _aVHS (35 min.) : son., col.
520 _a<p>Sumario: Mart&iacute;nez de Hoz y la Plata dulce; La reforma financiera; El rock argentino; La televisi&oacute;n argentina en los 70; La deuda externa; Ca&iacute;da de Bokassa; El primer golpe militar televisado; Premio Nobel de Literatura.</p>
650 4 _aARGENTINA
650 4 _aCONFLICTOS ARMADOS
650 4 _aFRANCIA
650 4 _aIGLESIA
650 4 _aLIBERALISMO
650 4 _aLITERATURA
650 4 _aLITERATURA
650 4 _aOBRAS PUBLICAS
650 4 _aPOLITICA ECONOMICA
650 4 _aREVOLUCION
653 _aVIDEOS
710 2 _aClarín (Buenos Aires)
905 _a13985
942 _cVIDEO
999 _c55065
_d55065